| 000 | 00855nam a2200253 i 4500 | ||
|---|---|---|---|
| 001 | 89378 | ||
| 003 | ES-MaACL | ||
| 005 | 20230906180146.0 | ||
| 007 | t| | ||
| 008 | 050110s1919 fr ||||1| fre d | ||
| 080 | _a82-1.09 | ||
| 100 | 1 |
_aLarsson, Hans. _970378 |
|
| 245 | 1 | 3 |
_aLa logique de la poésie / _cHans Larsson ; traduction de E. Philipot ; préface de E. Boutroux ; avertissement de Lucien Maury. |
| 260 |
_aParis : _bÉditions Ernest Leroux, _c1919 ( _eTours : _fE. Arrault) |
||
| 300 |
_aX, 199 p. ; _c23 cm. |
||
| 490 | 1 |
_aBibliothèque scandinave ; _v1 |
|
| 650 | 0 | 4 |
_aPoesía- _xHistoria y crítica. _9183561 |
| 700 | 1 |
_aPhilipot, E. _991669 |
|
| 700 | 0 |
_aBoutroux, Émile. _931064 |
|
| 700 | 1 |
_aMaury, Lucien. _979277 |
|
| 830 | 0 |
_aBibliothèque scandinave ; _v1 _9184111 |
|
| 852 |
_aES-MaACL _jE-13088 |
||
| 999 |
_c89378 _d89378 |
||